九十二年小說選

資料類型: Book 圖書   書目號:34929

Leader xxxxxxxxxx
001 __ PCLIS00034929
005 __ 20220610173505.0
010 0_ |a957-444-125-3|b平裝|dNT$250
100 __ |a20041124d2004    m  y0chiy09      e
101 0_ |achi
102 __ |atw
105 __ |ac   z   000ad
200 1_ |a九十二年小說選|f林秀玲主編
205 __ |a初版
210 __ |a臺北市|c九歌|d2004(民93)
215 0_ |a281面|c|d21公分
225 1_ |a九歌文庫|v682
300 __ |a作者號取自劃一題名
300 __ |a附錄: 九十二年度小說紀事
500 11 |a九歌小說選|m中文
517 1_ |aCollected short stories 2003|zeng
517 1_ |a92年小說選|zchi
681 __ |a857.61|b8674
681 __ |a857.61|b8763 88
700 _1 |a|b秀玲|4主編
801 _0 |atw|b內湖高中|c20041124|gCCR
詳細館藏(共 1 筆)
索 書 號登 錄 號冊次號館別 / 館藏地流通類型狀態加入預約清單電子資源
857.61 / 8674 1014678 2003 圖書館 / 一樓普通區 可外借30天 在館   

| 條列資料




目錄查詢 分類查詢 個人資料 圖書薦購 新書查詢 閉館日 排行榜 更多電子資源 Hami書城 線上資料庫 登出

From : 216.73.217.52

  本日流通累計至 05:34:38 借閱 : 0 次 續借 : 0 次 歸還 : 0 次 預約 : 0 次 電子資源 : 0 次


內湖高中圖書館  PCLIS 版本  26.5.0.12